[Event "Zagreb Open 2010 Grupo B"]
[Site "Zagreb CRO"]
[Date "2010.02.28"]
[Round "5.17"]
[White "Fabris, Zeljko"]
[Black "Vukovic, Ivo"]
[Result "0-1"]
[WhiteElo "2063"]
[BlackElo "2220"]
[PlyCount "105"]
[EventDate "2010.02.25"]
[EventType "swiss"]
[EventRounds "9"]
[EventCountry "CRO"]
[Source "lmi"]
[SourceDate "2010.02.25"]

1. d4 Nf6 2. Nf3 e6 3. g3 d5 4. Bg2 Be7 5. c4 c6 6. Nc3 O-O 7. O-O b6 8. Ne5
Bb7 9. Bf4 Nbd7 10. cxd5 Nxd5 11. Nxd5 cxd5 12. Nxd7 Qxd7 13. Qd3 Rac8 14. Rfc1
Qa4 15. a3 Ba6 16. Qd2 Bf6 17. Bd6 Rfd8 18. Bb4 Qb3 19. Bf1 h6 20. Rc3 Rxc3 21.
Bxc3 Qa4 22. Qd1 Qxd1 23. Rxd1 Rc8 24. e3 Bxf1 25. Kxf1 Kf8 26. Ke2 Ke8 27. Kd3
Kd7 28. b3 a6 29. Bb2 Be7 30. Rc1 Ra8 31. f3 f5 32. f4 g5 33. Ke2 Rg8 34. Kf3
h5 35. fxg5 Rxg5 36. Rc2 Bd6 37. Rg2 Rg4 38. a4 Rg8 39. Rg1 h4 40. Bc3 hxg3 41.
h3 Rh8 42. Rh1 Rh4 43. Be1 f4 44. e4 dxe4+ 45. Kxe4 g2 46. Rg1 Rxh3 47. Bd2 f3
48. Be3 Bg3 49. Kxf3 Bh2+ 50. Kxg2 Bxg1 51. Bxg1 Rxb3 52. Bh2 Rb2+ 53. Kf3 0-1

[Event "Zagreb Open 2010 Grupo B"]
[Site "Zagreb CRO"]
[Date "2010.02.28"]
[Round "5.18"]
[White "Mihalincic, Tomislav"]
[Black "Livaic, Damir"]
[Result "1-0"]
[WhiteElo "2215"]
[BlackElo "2059"]
[PlyCount "67"]
[EventDate "2010.02.25"]
[EventType "swiss"]
[EventRounds "9"]
[EventCountry "CRO"]
[Source "lmi"]
[SourceDate "2010.02.25"]

1. e4 c6 2. d4 d5 3. Nc3 dxe4 4. Nxe4 Nf6 5. Nxf6+ exf6 6. c3 Qd5 7. Be3 Bd6 8.
Nf3 Bg4 9. Be2 O-O 10. O-O Rd8 11. h3 Bh5 12. c4 Qa5 13. a3 Qc7 14. Qc1 b6 15.
b4 c5 16. dxc5 bxc5 17. b5 Nd7 18. Rd1 Ne5 19. Ra2 Nxf3+ 20. Bxf3 Bxf3 21. gxf3
Qe7 22. Rd5 Qe6 23. Rad2 Be7 24. Bxc5 Rxd5 25. cxd5 Qc8 26. d6 Bd8 27. d7 Qc7
28. Rd5 h6 29. Qe3 Qb7 30. Qe8+ Kh7 31. Qe4+ Kg8 32. Re5 Qxe4 33. Rxe4 f5 34.
Re8+ 1-0

[Event "Zagreb Open 2010 Grupo B"]
[Site "Zagreb CRO"]
[Date "2010.02.28"]
[Round "5.19"]
[White "Klem, Davor"]
[Black "Ribicic, Mate"]
[Result "1-0"]
[WhiteElo "2048"]
[BlackElo "2203"]
[PlyCount "59"]
[EventDate "2010.02.25"]
[EventType "swiss"]
[EventRounds "9"]
[EventCountry "CRO"]
[Source "lmi"]
[SourceDate "2010.02.25"]

1. e4 c5 2. d4 cxd4 3. c3 dxc3 4. Nxc3 Nc6 5. Nf3 e6 6. Bc4 Qc7 7. O-O Nf6 8.
Qe2 Ng4 9. g3 a6 10. Bf4 Bd6 11. Nd5 exd5 12. exd5+ Nce5 13. Nxe5 Nxe5 14. Bxe5
Bxe5 15. f4 d6 16. fxe5 dxe5 17. d6 Qc5+ 18. Kg2 O-O 19. Rxf7 Rxf7 20. Rf1 Qc6+
21. Kg1 Qc5+ 22. Kg2 Qc6+ 23. Kg1 Qc5+ 24. Kg2 Qc6+ 25. Kg1 b5 26. Bxf7+ Kh8
27. Bd5 Qc5+ 28. Rf2 Rb8 29. Qc2 Qxd6 30. Qc7 1-0

[Event "Zagreb Open 2010 Grupo B"]
[Site "Zagreb CRO"]
[Date "2010.02.28"]
[Round "5.20"]
[White "Stocko, Josip"]
[Black "Greb, Nikola"]
[Result "1-0"]
[WhiteElo "2194"]
[BlackElo "2053"]
[PlyCount "63"]
[EventDate "2010.02.25"]
[EventType "swiss"]
[EventRounds "9"]
[EventCountry "CRO"]
[Source "lmi"]
[SourceDate "2010.02.25"]

1. Nf3 d5 2. g3 Nf6 3. Bg2 c5 4. O-O b6 5. d3 Bb7 6. Nbd2 Nbd7 7. Re1 e5 8. e4
d4 9. Nc4 Qc7 10. a4 g6 11. Bh3 Bg7 12. Nh4 O-O 13. f4 Rae8 14. Nf3 Nh5 15.
Bxd7 Qxd7 16. Nfxe5 Qc7 17. Nf3 Qc6 18. Rf1 Re7 19. e5 Bh6 20. Nd6 Ba8 21. Ne4
f6 22. c3 dxc3 23. bxc3 fxe5 24. Nxe5 Rxe5 25. fxe5 Rxf1+ 26. Qxf1 Bg7 27. Bf4
c4 28. Re1 g5 29. Bxg5 Bxe5 30. d4 Qg6 31. Qxc4+ Kh8 32. Qc8+ 1-0

[Event "Zagreb Open 2010 Grupo B"]
[Site "Zagreb CRO"]
[Date "2010.03.01"]
[Round "6.1"]
[White "Livaja, Mario"]
[Black "Kalajzic, Ivan"]
[Result "1/2-1/2"]
[WhiteElo "2164"]
[BlackElo "2198"]
[PlyCount "91"]
[EventDate "2010.02.25"]
[EventType "swiss"]
[EventRounds "9"]
[EventCountry "CRO"]
[Source "lmi"]
[SourceDate "2010.02.25"]

1. d4 d5 2. c4 Nc6 3. Nc3 dxc4 4. d5 Ne5 5. e4 e6 6. Bf4 Bd6 7. Nf3 Qf6 8. Bxe5
Bxe5 9. Nxe5 Qxe5 10. Bxc4 Nf6 11. O-O O-O 12. f4 Qd6 13. Kh1 Qc5 14. e5 Nxd5
15. Nxd5 exd5 16. Bxd5 Bf5 17. Rc1 Qb6 18. g4 Be6 19. Bxe6 fxe6 20. Qe2 Rad8
21. f5 exf5 22. gxf5 c5 23. e6 Qc6+ 24. Kg1 Rd4 25. e7 Re8 26. Rce1 Rd7 27. f6
gxf6 28. Qg4+ Kh8 29. Re6 Rd4 30. Qh3 Rg8+ 31. Kf2 Qd5 32. Re2 Rf4+ 33. Ke1 Re4
34. Qf3 Rxe2+ 35. Qxe2 Qf7 36. Kf2 Re8 37. Re1 Qg6 38. Qe6 b6 39. Rg1 Qc2+ 40.
Kf3 Qd3+ 41. Kg2 Qd4 42. Qf7 Qg4+ 43. Kh1 Qe4+ 44. Rg2 Qb1+ 45. Rg1 Qe4+ 46.
Rg2 1/2-1/2

[Event "Zagreb Open 2010 Grupo B"]
[Site "Zagreb CRO"]
[Date "2010.03.01"]
[Round "6.2"]
[White "Jelecevic, Ivo"]
[Black "Blagojevic, Marijan"]
[Result "0-1"]
[WhiteElo "2180"]
[BlackElo "2127"]
[PlyCount "76"]
[EventDate "2010.02.25"]
[EventType "swiss"]
[EventRounds "9"]
[EventCountry "CRO"]
[Source "lmi"]
[SourceDate "2010.02.25"]

1. e4 c5 2. Nf3 d6 3. d4 cxd4 4. Nxd4 Nf6 5. Nc3 a6 6. h3 e5 7. Nde2 Be7 8. g4
Be6 9. Bg2 Nc6 10. Ng3 g6 11. Bh6 Qc7 12. O-O Nd4 13. Rc1 Nd7 14. Nd5 Bxd5 15.
exd5 Nb5 16. a4 Na7 17. Qd2 a5 18. Rfe1 f6 19. Bf1 Nc8 20. Be3 O-O 21. b3 Rf7
22. c4 b6 23. Bd3 Bf8 24. h4 Ne7 25. Qe2 Nc5 26. Bc2 Bg7 27. Kh1 Qd7 28. Rg1 f5
29. gxf5 Nxf5 30. Bg5 Nxh4 31. Rg2 Nf3 32. Nf1 Raf8 33. Be3 Nd4 34. Bxd4 exd4
35. Re1 d3 36. Bxd3 Qh3+ 37. Rh2 Qxd3 38. Qxd3 Nxd3 0-1

[Event "Zagreb Open 2010 Grupo B"]
[Site "Zagreb CRO"]
[Date "2010.03.01"]
[Round "6.3"]
[White "Petrusic, Toni"]
[Black "Kristovic, Marijan"]
[Result "1-0"]
[WhiteElo "2065"]
[BlackElo "2294"]
[PlyCount "101"]
[EventDate "2010.02.25"]
[EventType "swiss"]
[EventRounds "9"]
[EventCountry "CRO"]
[Source "lmi"]
[SourceDate "2010.02.25"]

1. e4 c5 2. Nf3 Nc6 3. d4 cxd4 4. Nxd4 e5 5. Nb5 a6 6. Nd6+ Bxd6 7. Qxd6 Qe7 8.
Qd1 Nf6 9. Nc3 h6 10. f3 d6 11. Be3 Be6 12. Qd2 O-O 13. O-O-O Rfd8 14. Nd5 Bxd5
15. exd5 Nb8 16. g4 e4 17. g5 hxg5 18. Bxg5 Nbd7 19. Re1 Ne5 20. Bg2 exf3 21.
Bxf3 Nxf3 22. Rxe7 Nxd2 23. Bxf6 gxf6 24. Kxd2 b5 25. Rf1 Kf8 26. Re3 Re8 27.
Rxf6 Rxe3 28. Kxe3 Ke7 29. Rf4 Rc8 30. c3 Rc5 31. Ke4 b4 32. Kd4 Ra5 33. cxb4
Rxa2 34. Kc3 Ra1 35. h4 Rh1 36. Kb3 Rh2 37. Ka4 Rxb2 38. Ka5 Ra2+ 39. Kb6 Ra4
40. h5 Kf8 41. h6 Kg8 42. Kc6 a5 43. h7+ Kh8 44. Rxf7 Rxb4 45. Ra7 Ra4 46. Kxd6
Ra1 47. Kc6 Rc1+ 48. Kd7 Ra1 49. d6 a4 50. Kc8 Rc1+ 51. Rc7 1-0

[Event "Zagreb Open 2010 Grupo B"]
[Site "Zagreb CRO"]
[Date "2010.03.01"]
[Round "6.4"]
[White "Durovic, Goran"]
[Black "Dulic, Grgur"]
[Result "1/2-1/2"]
[WhiteElo "2276"]
[BlackElo "2192"]
[PlyCount "59"]
[EventDate "2010.02.25"]
[EventType "swiss"]
[EventRounds "9"]
[EventCountry "CRO"]
[Source "lmi"]
[SourceDate "2010.02.25"]

1. Nf3 Nf6 2. c4 g6 3. Nc3 d5 4. Qa4+ c6 5. cxd5 Nxd5 6. Nxd5 Qxd5 7. e4 Qd8 8.
d4 Bg7 9. Be3 O-O 10. Be2 Bg4 11. Rd1 Nd7 12. O-O e5 13. d5 cxd5 14. Rxd5 Nb6
15. Rxd8 Nxa4 16. Rd2 b6 17. Bb5 Nc5 18. Bxc5 bxc5 19. Bc4 Bxf3 20. gxf3 Rfd8
21. Bd5 Rab8 22. Rfd1 Bf6 23. Rc2 Be7 24. Rd3 Kg7 25. Ra3 Rd7 26. Ra4 Rb4 27.
Rxb4 cxb4 28. Rc6 Bd6 29. Ra6 Bc5 30. Rc6 1/2-1/2

[Event "Zagreb Open 2010 Grupo B"]
[Site "Zagreb CRO"]
[Date "2010.03.01"]
[Round "6.6"]
[White "Lasic, Luka"]
[Black "Ivanov, Borislav"]
[Result "1-0"]
[WhiteElo "2222"]
[BlackElo "2128"]
[PlyCount "117"]
[EventDate "2010.02.25"]
[EventType "swiss"]
[EventRounds "9"]
[EventCountry "CRO"]
[Source "lmi"]
[SourceDate "2010.02.25"]

1. d4 d5 2. Nf3 Nf6 3. Bf4 c5 4. e3 Qb6 5. b3 Nc6 6. c3 Bf5 7. Nbd2 e6 8. Be2
h6 9. h3 Be7 10. O-O O-O 11. Ne5 Nxe5 12. dxe5 Ne4 13. Nxe4 Bxe4 14. Bd3 Bxd3
15. Qxd3 Rfd8 16. Rfd1 Rac8 17. Qe2 c4 18. b4 a5 19. a3 Bf8 20. h4 Ra8 21. g4
Ra6 22. g5 hxg5 23. Bxg5 Rda8 24. Rac1 axb4 25. axb4 Ra2 26. Qg4 Rb2 27. h5
Raa2 28. Rf1 Qa7 29. Kg2 Kh7 30. Qf3 b5 31. Rcd1 Rc2 32. e4 d4 33. cxd4 Bxb4
34. h6 g6 35. d5 Bc5 36. Bh4 exd5 37. Rxd5 Bf8 38. Bg5 Qc7 39. Qf6 Ra8 40. Rfd1
Raa2 41. Be3 Qe7 42. Qf4 Qe6 43. Rd7 Be7 44. Bc5 g5 45. Qf3 Bxc5 46. Rxf7+ Kg6
47. Rf6+ Kh7 48. Rxe6 Rxf2+ 49. Qxf2 Rxf2+ 50. Kh3 Rf7 51. Rc6 Bb4 52. Kg4 Re7
53. Kf5 c3 54. Rd5 c2 55. Kxg5 Re6 56. Rxc2 Rg6+ 57. Kf5 Rxh6 58. Rd7+ Kg8 59.
Rc8+ 1-0

[Event "Zagreb Open 2010 Grupo B"]
[Site "Zagreb CRO"]
[Date "2010.03.01"]
[Round "6.7"]
[White "Zecevic, Dean"]
[Black "Vujcic, Toni"]
[Result "0-1"]
[WhiteElo "2213"]
[BlackElo "2105"]
[PlyCount "123"]
[EventDate "2010.02.25"]
[EventType "swiss"]
[EventRounds "9"]
[EventCountry "CRO"]
[Source "lmi"]
[SourceDate "2010.02.25"]

1. e4 c6 2. d4 d5 3. Nc3 dxe4 4. Nxe4 Bf5 5. Ng3 Bg6 6. Nf3 Nd7 7. h4 h6 8. h5
Bh7 9. Bd3 Bxd3 10. Qxd3 e6 11. Bd2 Ngf6 12. O-O-O Qc7 13. Kb1 O-O-O 14. Qe2
Bd6 15. Ne4 Nxe4 16. Qxe4 Nf6 17. Qe2 Bf4 18. Bb4 Bd6 19. Be1 Rhe8 20. c4 e5
21. dxe5 Bxe5 22. Rxd8+ Kxd8 23. Qc2 Kc8 24. Bd2 Qd7 25. Rh4 Ng4 26. Nxe5 Nxe5
27. Bc3 Ng4 28. Rh1 f5 29. b3 Qf7 30. Bd4 b6 31. c5 Kb7 32. Qc3 Qe6 33. f3 Nf6
34. Bxf6 gxf6 35. Rd1 f4 36. Kb2 Qe5 37. a4 Rg8 38. Rd2 bxc5 39. Kc2 Qxc3+ 40.
Kxc3 Kc7 41. Re2 Rg5 42. Re7+ Kb6 43. Rf7 f5 44. Kc4 Rxg2 45. Rxf5 Rc2+ 46. Kd3
Rb2 47. Ke4 Rxb3 48. Kxf4 Rb4+ 49. Ke5 Rh4 50. f4 Rh1 51. Rf8 Rxh5+ 52. f5 c4
53. Rb8+ Kc5 54. Rb1 c3 55. Ke4 c2 56. Rc1 Rh2 57. f6 Kd6 58. Rf1 Rf2 59. Rc1
Ke6 60. Kd4 Kxf6 61. Kc5 Ke5 62. Kxc6 0-1

[Event "Zagreb Open 2010 Grupo B"]
[Site "Zagreb CRO"]
[Date "2010.03.01"]
[Round "6.8"]
[White "Strniscak, Tomislav"]
[Black "Rubil, Marko"]
[Result "1-0"]
[WhiteElo "2202"]
[BlackElo "2123"]
[PlyCount "147"]
[EventDate "2010.02.25"]
[EventType "swiss"]
[EventRounds "9"]
[EventCountry "CRO"]
[Source "lmi"]
[SourceDate "2010.02.25"]

1. d4 d5 2. c4 dxc4 3. e4 e5 4. Nf3 exd4 5. Bxc4 Nc6 6. O-O Bc5 7. Ng5 Nh6 8.
Nxf7 Nxf7 9. Bxf7+ Kxf7 10. Qh5+ Kg8 11. Qxc5 h6 12. Bf4 Kh7 13. Nd2 Re8 14.
Bg3 Qe7 15. Qh5 Be6 16. f4 Bf7 17. Qe2 Rad8 18. e5 Kh8 19. Qf2 Nb4 20. Bh4 g5
21. fxg5 hxg5 22. Qxf7 Qxf7 23. Rxf7 gxh4 24. Rxc7 Rxe5 25. Rxb7 Re2 26. Rxb4
Rxd2 27. Rf1 Re8 28. Rb7 d3 29. Rb4 Ree2 30. Rxh4+ Kg7 31. Rg4+ Kh6 32. h3 Rxb2
33. Rf6+ Kh7 34. Rf7+ Kh6 35. Rf8 Kh7 36. Rf5 Re6 37. Rh5+ Rh6 38. Rhg5 Rd6 39.
Rh5+ Rh6 40. Rd5 Rg6 41. Rd7+ Kh6 42. Rh4+ Kg5 43. Ra4 Kh6 44. Rh4+ Kg5 45.
Rg4+ Kh6 46. Rxg6+ Kxg6 47. Rxd3 Rxa2 48. Kh2 a5 49. Kg3 a4 50. Rd5 a3 51. Ra5
Ra1 52. Kg4 Rg1 53. g3 Ra1 54. Ra6+ Kg7 55. Kg5 a2 56. Ra7+ Kf8 57. Kh4 Kg8 58.
g4 Kf8 59. g5 Ke8 60. Kh5 Rh1 61. Rxa2 Rxh3+ 62. Kg6 Rg3 63. Ra5 Rb3 64. Rf5
Rb6+ 65. Kg7 Rb7+ 66. Kg8 Rb6 67. Rf6 Rb5 68. g6 Rg5 69. g7 Ke7 70. Rf7+ Ke8
71. Rf4 Ke7 72. Kh7 Rh5+ 73. Kg6 Rh2 74. Re4+ 1-0

[Event "Zagreb Open 2010 Grupo B"]
[Site "Zagreb CRO"]
[Date "2010.03.01"]
[Round "6.9"]
[White "Levar, Nenad"]
[Black "Petrovic, Zvonko"]
[Result "1/2-1/2"]
[WhiteElo "2135"]
[BlackElo "2262"]
[PlyCount "134"]
[EventDate "2010.02.25"]
[EventType "swiss"]
[EventRounds "9"]
[EventCountry "CRO"]
[Source "lmi"]
[SourceDate "2010.02.25"]

1. Nf3 Nf6 2. c4 g6 3. Nc3 Bg7 4. d4 O-O 5. e4 d6 6. Be2 e5 7. O-O Nc6 8. d5
Ne7 9. Ne1 Nd7 10. Nd3 f5 11. Bd2 Nf6 12. f3 f4 13. c5 g5 14. cxd6 cxd6 15. Nf2
h5 16. h3 Rf7 17. Qc2 Ng6 18. Rfc1 Bf8 19. a4 Ne8 20. Ra3 Bd7 21. Nb5 a6 22.
Nc3 Rg7 23. Qd1 Nh4 24. a5 Rc8 25. Na4 Rxc1 26. Qxc1 Nf6 27. Nb6 Bb5 28. Bxb5
axb5 29. Qc8 Qxc8 30. Nxc8 Rc7 31. Rc3 Rg7 32. Kf1 g4 33. hxg4 hxg4 34. fxg4
Nxg4 35. Nxg4 Rxg4 36. Be1 Nxg2 37. Bf2 Nh4 38. Rc7 Nf3 39. Rxb7 Nd2+ 40. Ke1
Nxe4 41. a6 Nxf2 42. Kxf2 e4 43. a7 e3+ 44. Ke2 Rg2+ 45. Kd3 Rd2+ 46. Kc3 b4+
47. Rxb4 Bg7+ 48. Kb3 e2 49. Re4 Rd3+ 50. Ka2 Re3 51. Nxd6 Rxe4 52. a8=Q+ Bf8
53. Qa7 Re7 54. Qg1+ Rg7 55. Qe1 Bxd6 56. Qxe2 Rf7 57. Qe6 f3 58. Qxd6 f2 59.
Qd8+ Kg7 60. Qg5+ Kf8 61. Qh6+ Kg8 62. Qg6+ Kf8 63. Qd6+ Kg7 64. Qe5+ Kg8 65.
Qe8+ Kg7 66. Qe5+ Kg8 67. Qg5+ Kf8 1/2-1/2

[Event "Zagreb Open 2010 Grupo B"]
[Site "Zagreb CRO"]
[Date "2010.03.01"]
[Round "6.10"]
[White "Pecnik, Leo"]
[Black "Mihalic, Goran"]
[Result "1-0"]
[WhiteElo "2261"]
[BlackElo "2102"]
[PlyCount "79"]
[EventDate "2010.02.25"]
[EventType "swiss"]
[EventRounds "9"]
[EventCountry "CRO"]
[Source "lmi"]
[SourceDate "2010.02.25"]

1. e4 c5 2. Nf3 d6 3. Bb5+ Nd7 4. c3 Ngf6 5. Qe2 a6 6. Ba4 b5 7. Bc2 g6 8. O-O
Bg7 9. d4 e5 10. Nbd2 O-O 11. a4 Rb8 12. axb5 axb5 13. dxe5 dxe5 14. Rd1 Qc7
15. Nf1 c4 16. Bg5 Bb7 17. Ng3 Nc5 18. h4 Ne6 19. Bxf6 Bxf6 20. Qe3 Nf4 21. Ne2
h5 22. g3 Nxe2+ 23. Qxe2 Be7 24. Ng5 Bc5 25. b4 Bb6 26. g4 hxg4 27. Qxg4 Bc8
28. Qg3 f6 29. Nf3 Rf7 30. h5 g5 31. Nh2 Rh7 32. Ng4 Qf7 33. Rd6 Be6 34. Ra6
Bxg4 35. Qxg4 Bd8 36. Bd1 Kg7 37. Rd7 Be7 38. Raa7 Re8 39. Qf5 Kh6 40. Rxe7 1-0

[Event "Zagreb Open 2010 Grupo B"]
[Site "Zagreb CRO"]
[Date "2010.03.01"]
[Round "6.11"]
[White "Vukovic, Ivo"]
[Black "Baturina, Andrija"]
[Result "1/2-1/2"]
[WhiteElo "2220"]
[BlackElo "2101"]
[PlyCount "51"]
[EventDate "2010.02.25"]
[EventType "swiss"]
[EventRounds "9"]
[EventCountry "CRO"]
[Source "lmi"]
[SourceDate "2010.02.25"]

1. Nf3 Nf6 2. g3 e6 3. Bg2 d5 4. O-O Be7 5. d3 c5 6. Nbd2 Nc6 7. e4 Qc7 8. Re1
O-O 9. Qe2 b5 10. Nf1 Ba6 11. e5 Nd7 12. h4 Rfe8 13. Bf4 Qd8 14. N1h2 f6 15.
Ng4 f5 16. Ngh2 Nb6 17. Ng5 Bxg5 18. Bxg5 Qd7 19. h5 h6 20. Bf4 Qf7 21. Qd1 Rf8
22. Kh1 Bc8 23. Rg1 Nd7 24. Re1 Nb6 25. Rg1 Nd7 26. Re1 1/2-1/2

[Event "Zagreb Open 2010 Grupo B"]
[Site "Zagreb CRO"]
[Date "2010.03.01"]
[Round "6.12"]
[White "Raljic, Mirko"]
[Black "Mihalincic, Tomislav"]
[Result "0-1"]
[WhiteElo "2153"]
[BlackElo "2215"]
[PlyCount "72"]
[EventDate "2010.02.25"]
[EventType "swiss"]
[EventRounds "9"]
[EventCountry "CRO"]
[Source "lmi"]
[SourceDate "2010.02.25"]

1. e4 d6 2. Nc3 g6 3. g3 Bg7 4. Bg2 Nf6 5. Nge2 O-O 6. h3 c6 7. O-O d5 8. exd5
cxd5 9. d4 Nc6 10. Be3 e6 11. Nf4 b6 12. Re1 Ba6 13. a3 Na5 14. Nd3 Rc8 15. Nb4
Bb7 16. Nb5 a6 17. Nc3 Nc4 18. Bc1 Re8 19. Ne2 Qd7 20. Nd3 Ne4 21. c3 a5 22. f3
Nf6 23. Ne5 Qd8 24. Rb1 Nd7 25. Nxd7 Qxd7 26. Nf4 f6 27. h4 e5 28. Bh3 f5 29.
dxe5 Nxe5 30. Be3 d4 31. Qb3+ Kh8 32. cxd4 Nxf3+ 33. Kf2 Nxe1 34. Rxe1 Bxd4 35.
Bg2 Rxe3 36. Rxe3 Re8 0-1

[Event "Zagreb Open 2010 Grupo B"]
[Site "Zagreb CRO"]
[Date "2010.03.01"]
[Round "6.13"]
[White "Stipic, Bruno"]
[Black "Stocko, Josip"]
[Result "1/2-1/2"]
[WhiteElo "2127"]
[BlackElo "2194"]
[PlyCount "96"]
[EventDate "2010.02.25"]
[EventType "swiss"]
[EventRounds "9"]
[EventCountry "CRO"]
[Source "lmi"]
[SourceDate "2010.02.25"]

1. d4 d6 2. Nf3 Nf6 3. c4 Nbd7 4. Nc3 e5 5. e4 g6 6. Be2 Bg7 7. O-O O-O 8. Qc2
Re8 9. d5 c6 10. dxc6 bxc6 11. h3 Qc7 12. a3 Rb8 13. Rd1 Nc5 14. b4 Ne6 15. Be3
Rd8 16. Rd2 d5 17. cxd5 cxd5 18. exd5 Nxd5 19. Nxd5 Rxd5 20. Qxc7 Nxc7 21. Rc1
Rxd2 22. Nxd2 Ne6 23. Bxa7 Ra8 24. Bf3 Bb7 25. Bxb7 Rxa7 26. Rc8+ Bf8 27. Bd5
Nf4 28. Bc4 Kg7 29. b5 Bxa3 30. b6 Rb7 31. Rc7 Rxb6 32. Rxf7+ Kh6 33. Ne4 Rb4
34. Rc7 g5 35. Rc6+ Ng6 36. Ng3 g4 37. h4 Rb1+ 38. Kh2 Kg7 39. Nf5+ Kh8 40. h5
Ne7 41. Nxe7 Bxe7 42. Re6 Bc5 43. h6 Rb8 44. Kg3 Rf8 45. Bd5 Bxf2+ 46. Kxg4
Rf4+ 47. Kg5 Be3 48. Rxe5 Re4+ 1/2-1/2

[Event "Zagreb Open 2010 Grupo B"]
[Site "Zagreb CRO"]
[Date "2010.03.01"]
[Round "6.14"]
[White "Frank, Vladimir"]
[Black "Havas, Janko"]
[Result "0-1"]
[WhiteElo "2194"]
[BlackElo "2090"]
[PlyCount "104"]
[EventDate "2010.02.25"]
[EventType "swiss"]
[EventRounds "9"]
[EventCountry "CRO"]
[Source "lmi"]
[SourceDate "2010.02.25"]

1. Nf3 Nf6 2. c4 g6 3. d4 Bg7 4. Nc3 O-O 5. e4 d6 6. Be2 e5 7. d5 a5 8. Bg5 h6
9. Bh4 Na6 10. Nd2 Bd7 11. a3 Qe8 12. b3 Nh7 13. f3 f5 14. O-O f4 15. Qc2 g5
16. Bf2 Nf6 17. Rfb1 Qg6 18. b4 g4 19. c5 g3 20. hxg3 fxg3 21. Be3 Qh5 22. Nf1
Qh4 23. Qb3 Kh8 24. c6 bxc6 25. dxc6 Bc8 26. Bc4 Nh5 27. Be6 Nf4 28. Bxc8 Raxc8
29. Qc4 axb4 30. axb4 Nb8 31. Ra2 Rf6 32. b5 h5 33. Bxf4 exf4 34. Nd5 Rff8 35.
Ra7 Qd8 36. Rb4 Be5 37. Rba4 h4 38. Rb7 Rg8 39. Raa7 Rg7 40. Nb4 Qf6 41. Nc2 h3
42. Ra8 Rgg8 43. gxh3 g2 44. Nh2 Qh4 45. Qe2 Qxh3 46. Qf2 Qh5 47. Nd4 Bxd4 48.
Qxd4+ Kh7 49. Ra2 Qh3 50. Qf6 Qxh2+ 51. Kxh2 g1=Q+ 52. Kh3 Qg3# 0-1

[Event "Zagreb Open 2010 Grupo B"]
[Site "Zagreb CRO"]
[Date "2010.03.01"]
[Round "6.15"]
[White "Mravunac, Damir"]
[Black "Krizanovic, Zvonko"]
[Result "1-0"]
[WhiteElo "2193"]
[BlackElo "2065"]
[PlyCount "109"]
[EventDate "2010.02.25"]
[EventType "swiss"]
[EventRounds "9"]
[EventCountry "CRO"]
[Source "lmi"]
[SourceDate "2010.02.25"]

1. e4 c6 2. d4 d5 3. exd5 cxd5 4. c4 Nc6 5. Nc3 Nf6 6. Bg5 e6 7. c5 Bd7 8. Bb5
Qc7 9. Bxc6 Bxc6 10. Nf3 Be7 11. O-O O-O 12. b4 Be8 13. Re1 b6 14. Qd2 Rb8 15.
Bf4 Qc8 16. Bxb8 Qxb8 17. Ne5 h6 18. a4 a5 19. Reb1 Qd8 20. b5 bxc5 21. f3 Qb6
22. dxc5 Bxc5+ 23. Kh1 Bb4 24. Rxb4 axb4 25. Na2 b3 26. Nb4 Qa5 27. Qc3 d4 28.
Qxd4 Bd7 29. Nxd7 Nxd7 30. Nc6 Qc7 31. Rc1 Nb8 32. b6 Qb7 33. Na5 Qd7 34. Nxb3
Rd8 35. Qc4 Qd6 36. Qc5 Qd3 37. Na5 Na6 38. Qg1 Qa3 39. Nc6 Rd2 40. a5 Qb2 41.
Rb1 Qc2 42. Qc1 Qa2 43. Ra1 Rc2 44. Qf1 Rf2 45. Qg1 Qc2 46. h3 Rd2 47. Rc1 Qb2
48. Rd1 Rc2 49. Qd4 Qxd4 50. Nxd4 Rc5 51. Nb3 Rb5 52. Rd8+ Kh7 53. Ra8 Nb4 54.
Nd4 Rd5 55. b7 1-0

[Event "Zagreb Open 2010 Grupo B"]
[Site "Zagreb CRO"]
[Date "2010.03.01"]
[Round "6.16"]
[White "Blazeka, Matej"]
[Black "Matic, Zeljko"]
[Result "1-0"]
[WhiteElo "2085"]
[BlackElo "2181"]
[PlyCount "64"]
[EventDate "2010.02.25"]
[EventType "swiss"]
[EventRounds "9"]
[EventCountry "CRO"]
[Source "lmi"]
[SourceDate "2010.02.25"]

1. e4 d6 2. d4 Nf6 3. Nc3 c6 4. Bg5 Nbd7 5. Qd2 b5 6. Bd3 Bb7 7. f4 e5 8. fxe5
dxe5 9. dxe5 Nxe5 10. Nf3 Bd6 11. O-O-O h6 12. Bh4 Qc7 13. Ne2 g5 14. Bg3 O-O-O
15. Qe3 Kb8 16. Nfd4 Rhe8 17. Nf5 Bf8 18. Rhf1 Nfd7 19. Bxe5 Nxe5 20. Qg3 a6
21. c3 Nxd3+ 22. Rxd3 Rxd3 23. Qxd3 Qxh2 24. Nfg3 Bc8 25. Rxf7 Bc5 26. b4 Be7
27. Qd4 Kc7 28. Qe5+ Kd8 29. Nd4 Qg1+ 30. Nf1 Bd7 31. Qb8+ Bc8 32. Ne6+ Kd7 1-0

[Event "Zagreb Open 2010 Grupo B"]
[Site "Zagreb CRO"]
[Date "2010.03.01"]
[Round "6.17"]
[White "Ivekovic, Bozidar Jr"]
[Black "Starcevic, Kresimir"]
[Result "1-0"]
[WhiteElo "2042"]
[BlackElo "2170"]
[PlyCount "97"]
[EventDate "2010.02.25"]
[EventType "swiss"]
[EventRounds "9"]
[EventCountry "CRO"]
[Source "lmi"]
[SourceDate "2010.02.25"]

1. e4 e6 2. d4 d5 3. Nc3 Bb4 4. e5 c5 5. a3 Bxc3+ 6. bxc3 Ne7 7. Qg4 Qc7 8.
Qxg7 Rg8 9. Qxh7 cxd4 10. Ne2 Nbc6 11. Bd2 dxc3 12. Bxc3 d4 13. Nxd4 Qxe5+ 14.
Ne2 Qc5 15. Qe4 a5 16. Bd4 Qd6 17. f4 Nf5 18. c3 a4 19. g3 Ra5 20. Bg2 Rd5 21.
Qc2 Bd7 22. Bxd5 Qxd5 23. O-O-O Na5 24. Bf6 Nb3+ 25. Kb2 Qb5 26. Qd3 Qxd3 27.
Rxd3 Rg6 28. g4 Nc5 29. Rh3 Rxf6 30. gxf5 Rxf5 31. Rh8+ Ke7 32. h4 Bc6 33. Rh2
Nd3+ 34. Ka1 e5 35. h5 exf4 36. Nd4 Rg5 37. Nxc6+ bxc6 38. h6 Rg1+ 39. Ka2 f3
40. h7 Nc1+ 41. Kb2 f2 42. Re8+ Kd7 43. Rd8+ Kc7 44. Rxf2 Rh1 45. Rd1 Rxd1 46.
Rxf7+ Kd6 47. h8=Q Nb3 48. Qb8+ Kc5 49. Qb4+ 1-0

[Event "Zagreb Open 2010 Grupo B"]
[Site "Zagreb CRO"]
[Date "2010.03.01"]
[Round "6.18"]
[White "Vrsek, Ivan"]
[Black "Klem, Davor"]
[Result "1-0"]
[WhiteElo "2217"]
[BlackElo "2048"]
[PlyCount "77"]
[EventDate "2010.02.25"]
[EventType "swiss"]
[EventRounds "9"]
[EventCountry "CRO"]
[Source "lmi"]
[SourceDate "2010.02.25"]

1. d4 d6 2. Nf3 g6 3. g3 Bg7 4. Bg2 e5 5. Nc3 Nc6 6. dxe5 dxe5 7. Qxd8+ Nxd8 8.
Nb5 Ne6 9. Ng5 Nxg5 10. Bxg5 Kf8 11. Nxc7 Rb8 12. O-O-O Bf6 13. Bxf6 Nxf6 14.
Rd8+ Kg7 15. Rxh8 Kxh8 16. Nd5 Kg7 17. Nxf6 Kxf6 18. Rd1 Bf5 19. c3 e4 20. Rd4
Re8 21. Kd2 e3+ 22. fxe3 b6 23. Bd5 h5 24. h4 Rb8 25. Bf3 Re8 26. a4 Re5 27.
Rd5 Re8 28. a5 Be6 29. Rb5 Rd8+ 30. Ke1 Rd6 31. axb6 axb6 32. e4 Bc4 33. e5+
Ke6 34. Rb4 Kxe5 35. Rxc4 f6 36. Re4+ Kf5 37. Rd4 Re6 38. e4+ Ke5 39. Rd5# 1-0

[Event "Zagreb Open 2010 Grupo B"]
[Site "Zagreb CRO"]
[Date "2010.03.01"]
[Round "6.19"]
[White "Ikica, Ante"]
[Black "Sribar, Peter"]
[Result "0-1"]
[WhiteElo "2065"]
[BlackElo "2199"]
[PlyCount "76"]
[EventDate "2010.02.25"]
[EventType "swiss"]
[EventRounds "9"]
[EventCountry "CRO"]
[Source "lmi"]
[SourceDate "2010.02.25"]

1. e4 c5 2. Nf3 d6 3. c3 Nf6 4. Bd3 g6 5. h3 Bg7 6. Bc2 O-O 7. O-O Nc6 8. Re1
e5 9. d3 Nh5 10. Bb3 Nf4 11. d4 b5 12. Bxf4 exf4 13. Bd5 Bb7 14. Na3 Qb6 15.
Nc2 Ne7 16. Bxb7 Qxb7 17. Qd2 Bh6 18. Re2 Nc6 19. Nce1 Rfe8 20. d5 Nb8 21. g4
Qe7 22. Ng2 Nd7 23. Rae1 Ne5 24. Nxe5 Qxe5 25. f3 g5 26. h4 c4 27. Rc1 f5 28.
hxg5 fxg4 29. gxh6 gxf3 30. Rf2 fxg2 31. Rxf4 Kh8 32. Re1 Qh5 33. Rf5 Qh1+ 34.
Kf2 Rxe4 35. Rg1 Rae8 36. Rf3 Qh4+ 37. Kxg2 Re2+ 38. Kf1 Rxd2 0-1